[Event "Spring Chess Classic 2017-B"]
[Site "Saint Louis"]
[Date "2017.05.20"]
[Round "5"]
[White "Ali Marandi, Cemil Can"]
[Black "Fier, Alexandr"]
[Result "0-1"]
[WhiteElo "2479"]
[BlackElo "2569"]
[Annotator "TA"]
[PlyCount "104"]
[EventDate "2017.??.??"]
[EventType "tourn"]
[EventCountry "USA"]
[SourceTitle "playchess.com"]
[Source "ChessBase"]
[SourceQuality "1"]

{[%evp 9,104,5,0,2,25,0,10,1,-7,-13,24,27,34,28,38,17,27,0,0,0,0,0,0,-38,-34,-50,-55,-54,-28,-35,-27,-29,-14,-26,0,-4,0,0,0,0,0,0,5,5,8,5,5,5,5,0,5,0,0,0,0,0,0,0,0,-99,-33,-64,-11,-170,-189,-186,-59,-179,-49,-280,-279,-264,-253,-254,-260,-644,-842,-835,-753,-717,-842,-822,-789,-769,-756,-753,-606,-1890,-1578,-29969,-29970,-29957,-7649,-29987,-29988,-29988,-29986]} 1. d4 Nf6 2. Bg5 d5 3. Bxf6 gxf6 4. e3 c5 5. dxc5 e6 {LiveBook: 98 Games} 6. Nf3 {D00: 1 d4 d5: Unusual lines} Bxc5 (6... Qa5+ 7. Nbd2 f5 8. c4 dxc4 9. Bxc4 Bg7 10. O-O Nd7 11. Nb3 Qc7 12. Qc2 O-O 13. Be2 Nf6 {1-0 (35) Vitiugov,N (2726)-Zhigalko,S (2671) Doha 2016}) 7. c4 dxc4 8. Nbd2 {The position is equal.} c3 9. bxc3 Nc6 10. Bb5 $146 (10. Nd4 $5) ({Predecessor:} 10. Be2 Be7 11. O-O Qc7 12. Nd4 a6 13. Rb1 Bd7 {½-½ (58) Lomasov,S (2344)-Meskovs,N (2515) Moscow 2016}) 10... Be7 11. Nd4 Qc7 12. Qh5 a6 13. Nxc6 (13. Bxc6+ $5 bxc6 14. Rb1 $14) 13... axb5 14. Nxe7 Kxe7 15. O-O Bd7 16. Rfd1 Qe5 17. Qxe5 fxe5 18. c4 Ra3 19. cxb5 Bxb5 20. Rab1 Ba6 21. Nf3 Kf6 22. h4 h6 23. Rd7 Rxa2 24. Nd2 Ra4 25. f3 Rxh4 26. Ne4+ Kg6 27. g3 Rxe4 28. fxe4 $11 {[%mdl 4096] Endgame KRR-KRB} Rc8 29. Rb2 Rc3 30. Rf2 f6 31. Rd8 Bd3 32. Rf8 f5 33. exf5+ exf5 {[%cal Be6f5,Bf5g4][%mdl 32]} 34. g4 (34. Rd2 $11) 34... Rc1+ $17 ({Stronger than} 34... fxg4 35. Rg8+ Kh7 36. Rxg4 $16) 35. Kh2 $1 {[%cal Rg4f5]} fxg4 {Hoping for ...Kg5.} 36. Kg3 $2 {[#]} (36. Rd8 $1 $11 {and White is okay.} Bc4 37. Kg3) 36... Kg5 $1 $19 37. Re8 Rc5 ({Black should try} 37... Rg1+ $19 38. Rg2 Rxg2+ 39. Kxg2 Kf5) 38. Rg8+ (38. Rff8 $1 $15) 38... Bg6 39. e4 $2 ({Only move:} 39. Rd2 $1 $15 Rc6 40. Rd5) 39... Rc3+ 40. Kg2 {[#] Rf5+ is the strong threat.} Kh5 41. Re2 b5 {[%cal Bb7b5,Bb5b4,Bb4b3][%mdl 32]} 42. Rg7 $2 (42. Re1 Rc4 43. Rh1+ Kg5 44. Rd1) 42... b4 43. Re7 b3 44. Rxe5+ Kh4 45. Rb5 h5 46. Rb4 Bf7 47. Rf2 Bc4 48. e5 Bd5+ 49. Kg1 Kg3 50. e6 Re3 (50... h4 $142 51. e7 Re3 52. Kf1 Rxe7 53. Rd2 Bf3 54. Rxb3 h3 55. Rd8 h2 56. Rh8 Rb7 57. Rxb7 Bxb7 58. Rh7 Bg2+ 59. Ke2 h1=Q 60. Rf7 Qb1 61. Ke3 Qe4+ 62. Kd2 Qd4+ 63. Kc1 Qc3+ 64. Kb1 Qb3+ 65. Kc1 Be4 66. Kd2 Qc2+ 67. Ke1 Bf3 68. Rxf3+ gxf3 69. Kf1 Qf2#) 51. Rb6 h4 52. e7 Rxe7 {Precision: White = 45%, Black = 73%.} 0-1

[Event "Spring Chess Classic 2017-B"]
[Site "Saint Louis"]
[Date "2017.05.21"]
[Round "6"]
[White "Belous, Vladimir"]
[Black "Chandra, Akshat"]
[Result "1/2-1/2"]
[WhiteElo "2587"]
[BlackElo "2495"]
[Annotator "TA"]
[PlyCount "151"]
[EventDate "2017.??.??"]
[EventType "tourn"]
[EventCountry "USA"]
[SourceTitle "playchess.com"]
[Source "ChessBase"]
[SourceQuality "1"]

{[%evp 11,151,12,5,8,11,-8,14,14,24,-7,-11,-26,-8,-4,0,0,0,0,0,0,-8,-18,0,0,-6,0,43,0,54,54,53,54,67,14,12,0,0,0,0,0,0,0,0,0,0,-50,-90,-79,-37,-37,0,-27,0,0,0,-2,0,0,0,0,0,0,35,35,53,58,178,170,161,177,148,161,445,445,424,355,368,368,350,343,445,445,445,445,445,438,438,447,462,437,465,446,441,432,415,353,653,595,1462,1144,12832,12831,12829,12832,12833,12833,12833,12834,12834,12835,12835,12835,12836,12836,12836,0,0,0,0,0,0,0,0,0,0,0,0,0,0,0,0,0,0,0,0,0,0,0,0,0,0,0]} 1. Nf3 Nf6 2. c4 e6 3. g3 d5 4. Bg2 dxc4 5. Qa4+ Bd7 6. Qxc4 {A13: English Opening: 1...e6} c5 {LiveBook: 90 Games} 7. Nc3 Bc6 8. e4 Nbd7 9. O-O Be7 10. e5 $146 ({Predecessor:} 10. d4 cxd4 11. Nxd4 Ne5 12. Nxc6 Nxc4 13. Nxd8 Rxd8 {0-1 (58) Ding,L (2766)-Sargissian,G (2702) Huaian 2016}) 10... Nd5 11. Qg4 g6 12. Nxd5 Bxd5 13. d4 h5 14. Qf4 c4 15. h4 b5 16. a4 a6 17. Bd2 b4 18. a5 Rb8 19. Rfc1 Rb5 (19... c3 $11 20. bxc3 b3) 20. Ng5 $14 Bxg5 21. Qxg5 Qxg5 22. Bxg5 ({White should try} 22. hxg5 $14 h4 23. Bf1) 22... Nb8 $1 $11 23. Bf6 Rf8 24. Bf1 Kd7 $1 25. Rxc4 Bxc4 26. Bxc4 Rd5 $1 {[%cal Rd5d4]} 27. Bxd5 exd5 {[%mdl 4096] Endgame KRB-KRN} 28. Bg5 Rc8 {[%mdl 1024] Black has compensation.} 29. Rd1 Rc2 $1 30. Rd3 Nc6 31. Rb3 Ke8 32. Kg2 Rc4 33. Rf3 Nxd4 34. Rd3 {aiming for b3.} b3 $1 35. Bf6 Ra4 36. e6 Nc6 37. Rxd5 fxe6 38. Rd6 Kf7 (38... Rc4 $14) 39. Bc3 $1 $18 ({Not} 39. Rxc6 Kxf6 40. Rxa6 Ra2 $11) 39... Rc4 40. Rd7+ $1 Ke8 {[#]} 41. Rb7 $1 Nd4 $2 (41... Rc5 42. Rxb3 Nxa5) 42. Bxd4 Rxd4 43. Rxb3 {KR-KR} Ra4 44. Rb8+ Kf7 45. b4 Ra3 46. Rb6 Rb3 47. Rxa6 Rxb4 48. Rb6 Ra4 49. Rb5 Kf6 50. f4 Ra2+ 51. Kf1 Ra3 52. Rg5 Kg7 53. Ke2 Kh6 $2 (53... e5 54. Rxe5 Rxg3) 54. Kd2 e5 55. Rxe5 Rxg3 56. Kc2 Rf3 57. a6 Ra3 58. Re6 Kg7 59. Rc6 Ra4 60. Kb3 Rxf4 61. a7 {White threatens Rc7+ and mate.} Rf8 62. Ra6 Ra8 {[#]} 63. Kb4 $2 ({White has to play} 63. Ra5 $1 $18 Kf7 64. Kc4) 63... g5 $1 $11 {The position is equal.} 64. hxg5 (64. Kc5 $5 {[%cal Rh4g5]} gxh4 65. Kd5 $11) 64... h4 65. Kb5 h3 66. Kb6 h2 67. Ra1 Re8 $1 68. Rh1 Re6+ 69. Ka5 (69. Kb5 Re5+ 70. Kb4 Re4+ 71. Kb5 Re5+ 72. Kc4 Ra5) 69... Re5+ 70. Kb4 Re4+ 71. Kb3 Re3+ 72. Kb2 Re8 $1 73. Rxh2 (73. g6 $5 Kxg6 74. Kc3 $11 (74. Rxh2 Ra8 $11)) 73... Ra8 74. g6 Kxg6 75. Rh3 Rxa7 76. Ra3 {Precision: White = 71%, Black = 54%.} 1/2-1/2

[Event "Spring Chess Classic 2017-B"]
[Site "Saint Louis"]
[Date "2017.05.21"]
[Round "6"]
[White "Lenderman, Alex"]
[Black "Ali Marandi, Cemil Can"]
[Result "1/2-1/2"]
[WhiteElo "2587"]
[BlackElo "2479"]
[Annotator "TA"]
[PlyCount "66"]
[EventDate "2017.??.??"]
[EventType "tourn"]
[EventCountry "USA"]
[SourceTitle "playchess.com"]
[Source "ChessBase"]
[SourceQuality "1"]

{[%evp 21,66,22,32,37,36,38,51,55,44,35,29,20,27,38,31,0,25,10,31,0,0,0,0,0,0,0,0,-6,0,0,0,0,0,0,8,13,8,8,16,14,18,14,10,15,16,6,6]} 1. d4 d5 2. c4 c6 3. Nf3 Nf6 4. Qc2 g6 5. Bf4 Bg7 6. e3 O-O 7. Nc3 Na6 {[%cal Bb8a6,Ba6c7,Bc7d5][%mdl 32]} 8. Qb3 {D93: Grünfeld: 4 Nf3 Bg7 5 Bf4 0-0 6 e3} (8. Rc1 Bf5 9. Qb3 Qb6 10. Qxb6 axb6 11. cxd5 Nxd5 12. Nxd5 cxd5 13. Bb5 Rfc8 14. Kd2 Nc5 15. dxc5 Rxa2 {½-½ (37) Stephan,J (2555)-Wilczek,T (2592) ICCF email 2011}) 8... Nc7 9. Be2 dxc4 10. Bxc4 Ncd5 11. Be5 Nb6 {LiveBook: 3 Games} 12. Be2 $146 ({Predecessor:} 12. O-O Nxc4 13. Qxc4 Bf5 14. h3 Ne4 15. Bxg7 Kxg7 16. Rac1 {1-0 (55) Ciciotti,A (2388)-Packroff,H (2286) ICCF email 2010}) 12... Be6 13. Qc2 Bc4 14. O-O Bxe2 15. Nxe2 Nbd7 16. Bg3 Qb6 17. Nc3 Rfc8 18. Na4 Qb5 19. Rfc1 Nh5 (19... c5 $5) 20. Nc5 (20. Nc3 {feels hotter.} Qb6 21. Bh4 e5 22. Na4 Qc7 23. d5) 20... Nxc5 {The position is equal.} 21. Qxc5 Qxc5 22. Rxc5 Nf6 23. Rc2 Ne4 24. Bf4 Rd8 25. Ne1 g5 26. Bc7 Rd7 27. Ba5 e5 28. f3 Nd6 (28... Rd5 $5 {[%cal Rd5a5]}) 29. dxe5 Nf5 30. e4 Ne7 31. Rd2 Rxd2 32. Bxd2 h6 $1 33. Bc3 {Black should prevent Rd1.} Rd8 {Precision: White = 59%, Black = 57%.} 1/2-1/2

[Event "Spring Chess Classic 2017-B"]
[Site "Saint Louis"]
[Date "2017.05.21"]
[Round "6"]
[White "Chirila, Ioan-Cristian"]
[Black "Liang, Awonder"]
[Result "1/2-1/2"]
[WhiteElo "2536"]
[BlackElo "2488"]
[Annotator "TA"]
[PlyCount "80"]
[EventDate "2017.??.??"]
[EventType "tourn"]
[EventCountry "USA"]
[SourceTitle "playchess.com"]
[Source "ChessBase"]
[SourceQuality "1"]

{[%evp 12,80,8,10,33,29,33,27,40,30,39,-4,-14,-6,0,-8,-11,-14,0,-33,-33,-41,-13,-20,-22,-37,-44,-48,-18,-19,-22,-21,-3,-11,-6,-7,-8,-61,-14,-18,-19,-18,-18,-18,-18,-22,-20,-31,-4,-4,0,0,0,0,0,0,0,0,0,0,0,0,0,0,0,0,0,0,0,0,0]} 1. c4 e5 2. g3 Nf6 3. Bg2 c6 4. Nf3 e4 5. Nd4 Qb6 (5... d5 6. cxd5 Qxd5 7. e3 Bc5 8. d3 Bxd4 9. exd4 Qxd4 10. dxe4 Qxd1+ 11. Kxd1 O-O 12. f3 c5 13. Be3 b6 14. Nc3 Nc6 {½-½ (52) Dubov,D (2660)-Bologan,V (2640) Poikovsky 2017}) 6. e3 {A20: English Opening: 1...e5} d5 7. Nc3 {LiveBook: 3 Games} Bb4 8. cxd5 $146 {White is slightly better.} ({Predecessor:} 8. Qc2 O-O 9. a3 Bxc3 10. Qxc3 Nbd7 11. O-O Nc5 12. b4 Nd3 13. c5 Qd8 {½-½ (25) Kolbus,D (2303)-Ashton,A (2270) Port Erin 2004}) 8... cxd5 9. Qb3 Bxc3 10. bxc3 O-O 11. c4 dxc4 12. Qxc4 Nc6 13. Nxc6 bxc6 14. Qb3 Be6 15. Qxb6 (15. Qc2 {is interesting.} Bg4 16. Bb2 Qb5 17. Bf1 Qg5 18. Bg2) 15... axb6 16. Bb2 Bd5 17. a4 Nd7 18. Bd4 Ra5 19. Bc3 Ra7 20. O-O Rfa8 21. d3 exd3 {[#] White must now prevent ...Bxg2.} 22. Bxd5 cxd5 23. Rfd1 Nc5 24. Bd4 ({Better is} 24. Rab1 $11) 24... Nb3 25. Rab1 Nxd4 26. exd4 Rxa4 27. Rxd3 $11 {[%mdl 4096] Endgame KRR-KRR} Ra1 28. Rdb3 Rxb1+ 29. Rxb1 {KR-KR} Rb8 (29... Ra4 {seems wilder.} 30. Rxb6 g5 31. Kf1 Rxd4 32. Ke2 Kg7) 30. Rb5 {The position is equal.} f6 31. Kf1 $1 Kf7 32. Rxd5 b5 {[%cal Bb6b5,Bb5b4,Bb4b3][%mdl 32]} 33. Ke2 b4 {[#] aiming for ...b3.} 34. Kd2 b3 35. Kc1 Ke6 36. Rc5 b2+ 37. Kb1 Kd6 38. Rc2 Rb4 39. Rxb2 Rxd4 40. Rb7 Rd1+ {Precision: White = 71%, Black = 58%.} 1/2-1/2

[Event "Spring Chess Classic 2017-B"]
[Site "Saint Louis"]
[Date "2017.05.21"]
[Round "6"]
[White "Abdumalik, Zhansaya"]
[Black "Fier, Alexandr"]
[Result "0-1"]
[WhiteElo "2420"]
[BlackElo "2569"]
[Annotator "TA"]
[PlyCount "64"]
[EventDate "2017.??.??"]
[EventType "tourn"]
[EventCountry "USA"]
[SourceTitle "playchess.com"]
[Source "ChessBase"]
[SourceQuality "1"]

{[%evp 11,64,36,43,23,29,31,66,13,68,66,68,88,89,28,41,25,12,22,32,-95,-97,-161,-177,-360,-378,-378,-364,-365,-376,-414,-421,-433,-419,-411,-404,-454,-454,-446,-443,-452,-448,-492,-508,-505,-486,-589,-569,-613,-615,-585,-599,-650,-648,-653,-640]} 1. e4 c5 2. Nf3 e6 3. d4 cxd4 4. Nxd4 Nc6 5. Nc3 Qc7 6. Be3 a6 7. Qf3 {B48: Sicilian: Taimanov: 5 Nc3 Qc7 6 Be3 a6 without Be2} Ne5 (7... Nf6 8. O-O-O Rb8 9. Be2 d6 10. Qg3 Nxd4 11. Bxd4 e5 12. Ba7 Ra8 13. Be3 b5 14. f4 Bb7 15. fxe5 Nxe4 16. Nxe4 Bxe4 {1-0 (42) Nepomniachtchi,I (2767)-Adhiban,B (2666) Doha 2016}) 8. Qg3 h5 9. f4 (9. Bf4 $14 d6 10. Bg5) 9... Nc4 (9... h4 $11 10. Qh3 Ng6) 10. Bxc4 $14 Qxc4 11. O-O-O h4 12. Qh3 (12. Qf2 $16) 12... b5 $11 {[%cal Bb7b5,Bb5b4][%mdl 32]} 13. Kb1 Bb7 14. Rhe1 $146 ({Predecessor:} 14. f5 Rc8 {½-½ (27) Kollars,D (2500)-Soumya,S (2375) Caleta 2017}) 14... Rc8 15. Nb3 {[#]} (15. e5 $14 {stays ahead.}) 15... b4 $1 $17 {[%cal Rb4c3]} 16. Na4 (16. Nd2 $17 Qc7 17. Ne2) 16... Bxe4 $19 17. Nb6 $2 (17. Rc1 {was necessary.} Qc6 18. Nb6) 17... Qxc2+ 18. Ka1 {aiming for Rc1.} Bxg2 19. Qg4 {[#] Rc1 is the strong threat.} Nf6 20. Qe2 Qxe2 21. Rxe2 Bf3 22. Nxc8 Bxe2 23. Nd6+ Bxd6 {Black is clearly winning.} 24. Rxd6 Nd5 25. Bc5 Rh5 26. Nd4 Bd3 27. a3 a5 {[%cal Ba6a5,Ba5b4][%mdl 32]} 28. Ka2 Bc4+ 29. Kb1 Nxf4 30. axb4 Nd3 31. b3 Nxc5 32. bxc4 axb4 {Precision: White = 15%, Black = 83%.} 0-1

[Event "Spring Chess Classic 2017-B"]
[Site "Saint Louis"]
[Date "2017.05.21"]
[Round "6"]
[White "Paikidze, Nazi"]
[Black "Gelashvili, Tamaz"]
[Result "0-1"]
[WhiteElo "2372"]
[BlackElo "2563"]
[Annotator "TA"]
[PlyCount "98"]
[EventDate "2017.??.??"]
[EventType "tourn"]
[EventCountry "USA"]
[SourceTitle "playchess.com"]
[Source "ChessBase"]
[SourceQuality "1"]

{[%evp 16,98,57,31,43,29,43,45,56,19,45,-21,0,-16,-16,-31,0,0,0,0,0,-27,-37,-36,-4,-8,0,0,0,0,0,-17,-12,-66,-35,-98,-98,-64,-80,-85,-111,-81,-66,-170,-165,-180,-167,-181,-158,-165,-163,-182,-169,-201,-200,-202,-175,-261,-216,-216,-217,-311,-253,-353,-251,-504,-504,-474,-229,-747,-739,-747,-735,-731,-722,-722,-722,-942,-932,-935,-904,-935,-909,-2513,-2452]} 1. d4 f5 2. g3 Nf6 3. Bg2 g6 4. Nf3 Bg7 5. O-O O-O 6. b3 d6 7. Bb2 Qe8 8. c4 Na6 9. Nc3 e5 {A87: Dutch Defence: Leningrad System: 5 Nf3} 10. dxe5 dxe5 11. e4 c6 {White is slightly better.} (11... fxe4 12. Ng5 Bg4 13. Qb1 Nc5 14. Ngxe4 Bf5 15. Ba3 Ncxe4 16. Nxe4 Rf7 17. Re1 Nxe4 18. Bxe4 {½-½ (67) Gupta,A (2643)-Smirin,I (2657) New Delhi 2012}) 12. exf5 $146 ({Predecessor:} 12. Re1 f4 13. Ba3 fxg3 14. fxg3 Rf7 15. h3 Nh5 16. Kh2 Nc7 17. Ne2 {½-½ (47) Tarasova,V (2275)-Sychev,K (2389) St Petersburg 2011}) 12... Bxf5 13. Qe2 (13. Ba3 $14) 13... Nb4 (13... e4 $5 {[%cal Re4f3]} 14. Nh4 Nd7 $11) 14. Ne1 e4 15. h3 $1 h5 16. Rd1 Qe6 17. a3 Na6 {[%cal Bb4a6,Ba6c5,Bc5b3][%mdl 32]} 18. Kh2 Nc5 19. Qe3 Nxb3 20. Nxe4 $1 Nxe4 21. Bxg7 Kxg7 22. Qxb3 Nc5 23. Qc3+ (23. Qb4 $5 {[%cal Rb4c5]} b6 24. f4 $11) 23... Qf6 24. Qe3 ({White should play} 24. Qb4 $11 b6 25. a4) 24... b6 $36 {[%mdl 2048] White is under pressure.} 25. Qd4 (25. Nf3 $15) 25... Rad8 $17 26. Qxf6+ Kxf6 27. Rxd8 Rxd8 28. Bxc6 Rd1 {Threatens to win with ...Nd3.} 29. Bg2 (29. Rg1 $1 $15) 29... Ra1 $19 30. Nf3 Rxa3 31. Nd4 Bd3 32. Rc1 Ra2 33. Kg1 Rb2 34. Nb5 a6 35. Nc7 a5 36. Re1 (36. Bc6 $142) 36... Bxc4 37. Ne8+ Kg5 38. h4+ {[#]} (38. Nd6 $142 Bb3 39. h4+ Kh6 40. Bc6) 38... Kh6 $1 39. Bf3 Rd2 40. Bc6 $2 (40. Re7 Rd7 41. Rxd7 Nxd7 42. Nd6) 40... Re2 41. Rc1 Bb3 (41... Re6 $142 42. Rxc4 Rxc6) 42. Rc3 $2 (42. Nc7) 42... Re6 {Black is clearly winning.} 43. Bb5 a4 {[%cal Ba5a4,Ba4a3,Ba3a2][%mdl 32]} 44. Rc1 a3 45. f3 a2 46. g4 hxg4 47. fxg4 g5 48. h5 Re4 49. Kf2 {[#]} Rxe8 $1 {[%mdl 512] Precision: White = 24%, Black = 75%.} 0-1

[Event "Spring Chess Classic 2017-B"]
[Site "Saint Louis"]
[Date "2017.05.22"]
[Round "7"]
[White "Fier, Alexandr"]
[Black "Lenderman, Alex"]
[Result "1/2-1/2"]
[WhiteElo "2569"]
[BlackElo "2587"]
[Annotator "TA"]
[PlyCount "128"]
[EventDate "2017.??.??"]
[EventType "tourn"]
[EventCountry "USA"]
[SourceTitle "playchess.com"]
[Source "ChessBase"]
[SourceQuality "1"]

{[%evp 19,128,0,0,0,0,-11,21,7,24,30,37,14,14,15,8,10,0,0,0,0,0,0,27,-85,-17,-51,-49,-53,-48,-48,-37,-49,-42,-31,-8,-19,0,-8,-5,-3,0,0,0,-6,-8,-12,-8,-9,-8,-8,0,-8,-8,-8,0,0,0,-9,-8,-9,0,0,0,-5,-5,-7,-5,-5,0,0,0,0,0,-5,0,0,0,-6,0,0,0,0,0,0,0,0,0,0,0,0,0,0,0,0,0,0,0,0,0,0,0,0,0,0,0,0,0,0,0,0,0]} 1. d4 Nf6 2. c4 e6 3. Nc3 Bb4 4. e3 O-O 5. Nge2 d5 6. a3 Be7 7. cxd5 exd5 8. Nf4 c6 9. Bd3 Nbd7 10. O-O Re8 11. f3 {[%cal Bf2f3,Bf3e4,Be4e5][%mdl 32] E46: Nimzo-Indian: Rubinstein: 4 e3 0-0 5 Ne2 without early Bd3} Nf8 12. Bc2 Ng6 13. e4 Nxf4 14. Bxf4 Be6 {[#]} 15. Bg5 $146 ({Predecessor:} 15. Qd3 g6 16. Rae1 Qd7 17. h3 Rad8 18. Be5 Qc8 {½-½ (60) Sadorra,J (2546)-Onischuk,A (2676) Dallas 2012}) 15... dxe4 16. fxe4 Bc4 $36 {[%mdl 2048] Black is pushing.} 17. Rf3 Nd7 18. Bxe7 Qxe7 19. e5 f6 20. Rh3 g6 21. Rg3 (21. Bb3 $11 {keeps the balance.} Qe6 22. d5 cxd5 23. Nxd5) 21... Kh8 (21... fxe5 $17 22. d5 Nf6 23. dxc6 Rad8) 22. b3 Bg8 23. exf6 Nxf6 24. Qd2 Rad8 25. b4 Qg7 26. Rd1 Be6 27. h3 {The position is equal.} Nd5 28. Nxd5 Bxd5 29. Re3 Re6 30. Rxe6 Bxe6 31. Qe3 (31. Re1 $5 {[%cal Re1e6]} Bc4 32. Re4 $11) 31... Qf6 32. Rd2 {Black must now prevent Rf2.} Bg8 33. Bd1 Kg7 34. Bf3 Bd5 35. Bg4 Bc4 36. Bf3 Bd5 37. Bg4 Bc4 38. Bf3 Rd7 39. Qc3 Bd5 (39... Be6 {with more complications.} 40. Qe3 Bf7 41. Rd1 a6 42. Qc3 Be6) 40. Bxd5 Rxd5 $11 {[%mdl 4096] Endgame KQR-KQR} 41. Qe3 a6 42. Kh1 Rd7 43. Rd1 Re7 44. Qg3 Qe6 45. Qc3 Kg8 46. Qc5 Qe2 47. Qc1 Re3 48. d5 cxd5 (48... Rc3 $5 49. Qxc3 Qxd1+ 50. Kh2 Qxd5 $17) 49. Kh2 ({Reject} 49. Rxd5 Rxh3+ $1 {[%mdl 512]} 50. gxh3 Qf3+ 51. Kg1 Qxd5 $17) 49... Rf3 50. Re1 ({Don't play} 50. Rxd5 {[#]} Rxh3+ $1 {[%mdl 512]} 51. Kxh3 Qe6+ 52. Kh2 Qxd5 $17) 50... Qf2 51. Re7 Rf7 52. Qc8+ Kg7 53. Qxb7 Qf4+ 54. Kh1 Rxe7 55. Qxe7+ {KQ-KQ} Kh6 56. a4 d4 {[%cal Bd5d4,Bd4d3][%mdl 32] Hoping for ...d3.} 57. Qe2 Qc1+ 58. Kh2 Qc7+ 59. Kg1 Qd6 60. b5 axb5 61. axb5 d3 62. Qd2+ Kg7 63. Kh1 Qd4 64. b6 Qxb6 {Precision: White = 68%, Black = 54%.} 1/2-1/2

[Event "Spring Chess Classic 2017-B"]
[Site "Saint Louis"]
[Date "2017.05.22"]
[Round "7"]
[White "Gelashvili, Tamaz"]
[Black "Belous, Vladimir"]
[Result "1-0"]
[WhiteElo "2563"]
[BlackElo "2587"]
[Annotator "TA"]
[PlyCount "137"]
[EventDate "2017.??.??"]
[EventType "tourn"]
[EventCountry "USA"]
[SourceTitle "playchess.com"]
[Source "ChessBase"]
[SourceQuality "1"]

{[%evp 9,137,-4,0,-4,50,50,51,46,53,50,52,49,41,25,37,14,32,0,89,88,88,87,86,90,84,89,89,64,90,59,78,-7,-16,-31,-42,-35,-14,-22,-22,-14,-21,-50,-50,-50,-50,-50,-42,-43,-50,-44,-43,-35,-11,-11,-11,-11,-11,-52,0,0,0,0,0,0,0,0,0,0,0,0,0,0,0,0,0,0,8,8,8,8,366,356,337,264,432,425,588,572,792,581,29958,5583,29965,29967,29962,29968,29966,29965,29969,29970,29971,29972,29972,29972,29972,29971,29971,29972,29971,29969,29968,29967,29969,29970,29969,29971,29971,29972,29971,29968,29970,29972,29969,29972,29978,29980,29980,29981,29981,29982]} 1. e4 c5 2. b3 Nc6 3. Bb2 d6 4. Bb5 Nf6 5. Bxc6+ bxc6 {LiveBook: 17 Games} 6. d3 {B20: Sicilian: Unusual White 2nd moves} g6 ({Better is} 6... e5 $11) 7. e5 $14 (7. Ne2 Bg7 8. O-O O-O 9. h3 e5 10. Ng3 h5 11. Nd2 h4 12. Ne2 g5 {1-0 (41) Morozevich,A (2731)-Moiseenko,A (2707) Dubai 2014}) 7... dxe5 8. Bxe5 {White is slightly better.} Qd5 9. Nf3 Bg4 {Hoping for ...Bxf3.} 10. Nbd2 $146 (10. Nc3 $5 {[%cal Rc3d5]} Qxe5+ 11. Nxe5 Bxd1 12. Rxd1 $11) ({Predecessor:} 10. Nc3 Qxe5+ 11. Nxe5 Bxd1 12. Rxd1 Nd5 {1-0 (51) Gelashvili,T (2621)-Padmini,R (2319) Dubai 2010}) 10... Bh6 11. Nc4 O-O 12. O-O Nh5 (12... Bxf3 $5 13. Qxf3 Qxf3 14. gxf3 Nd5 $11) 13. h3 Bc8 (13... Bxf3 $1 $11 14. Qxf3 Qxf3 15. gxf3 f6) 14. Ne3 $16 Qd8 15. Ng4 {[%cal Rg4h6]} Bg7 16. Bxg7 Kxg7 17. Qd2 {Qh6+ would kill now.} f6 18. Rae1 e5 19. Qh6+ Kg8 20. Ngxe5 (20. Qe3 $16) 20... fxe5 $11 21. Ng5 {[%csl Gg5][%cal Rh6h7]} Qc7 {[#]} 22. Rxe5 $1 {[%mdl 512]} Qg7 (22... Qxe5 23. Qxh7#) 23. Qxg7+ Nxg7 24. Rxc5 Rf5 25. Ne4 Rxc5 26. Nxc5 Ne6 27. Nxe6 Bxe6 $15 {[%mdl 4096] Endgame KRB-KR} 28. Re1 Kf7 29. Re5 a5 30. Rc5 Ra6 31. a4 Ke7 32. f3 Kd6 33. d4 Bf5 (33... Kc7 $15) 34. Kf2 $11 Ra8 35. Ke3 h5 36. g4 hxg4 37. hxg4 Be6 38. Rg5 Bf7 39. f4 Rh8 40. Rxa5 Rh3+ 41. Kd2 Rh2+ 42. Kc1 Bd5 43. c4 Be4 44. Re5 Bc2 $2 {[%mdl 8192]} (44... Bf3 $11 {and Black is okay.}) 45. Re3 $18 Kc7 {intending ...Kb6.} 46. a5 {[%cal Ba4a5,Ba5a6][%mdl 32]} Rf2 $2 {[#]} (46... g5 47. fxg5 Kd7) 47. d5 $1 Bxb3 48. Rxb3 Rxf4 {KR-KR} 49. Kb2 Rxg4 50. a6 cxd5 51. cxd5 {White mates.} ({Worse is} 51. a7 Rg2+ 52. Kb1 (52. Ka3 Rg1 $11) 52... Rg1+ 53. Kb2 Rg2+ 54. Kb1 (54. Ka3 Rg1 $11) 54... Rg1+ 55. Ka2 Rg2+ 56. Ka1 (56. Ka3 Rg1 $11) 56... Rg1+ 57. Ka2 Rg2+ 58. Kb1 $11 (58. Ka3 Rg1 $11)) 51... Rg2+ 52. Ka3 Rg1 53. Ka4 Ra1+ 54. Ra3 Rd1 55. Kb4 Kb8 56. Kc5 g5 57. Ra4 Rc1+ 58. Kd6 Ka7 59. Ke5 Re1+ 60. Kf5 Rd1 61. Ke6 Re1+ 62. Kd7 Rg1 63. d6 {[%cal Bd5d6,Bd6d7][%mdl 32]} g4 64. Ra5 g3 65. Ra3 Rg2 66. Rc3 Kb6 67. Kc8 Rd2 68. d7 g2 69. Rc1 {Precision: White = 80%, Black = 51%.} 1-0